Mad Hatter - Melanie Martinez (all lyrics) - Statistics

General Stats
  • This quiz has been taken 121 times
  • The average score is 277 of 355
Answer Stats
Answer % Correct
the
97%
The
97%
My
96%
my
96%
a
95%
I
95%
friend
92%
I'm
90%
they
90%
You
90%
you
90%
crazy?
89%
crazy
89%
mad
89%
Mad
89%
skin
88%
be
86%
is
85%
crazies,
84%
friends
84%
off
84%
run
84%
think
84%
don't
82%
face
82%
get
82%
me
82%
people
82%
walk,
82%
are
81%
best
79%
Hatter
79%
ever
78%
make
78%
So
78%
We
78%
we
78%
with
78%
All
77%
baby,
77%
fun
77%
in
77%
that
77%
That
77%
had
75%
high
75%
Alice,
74%
feel
74%
for
74%
Gettin'
74%
I'll
74%
sane
74%
Tell
74%
craziest
73%
peeling
73%
gone
71%
guns
71%
helium
71%
if
71%
Poppin',
71%
poppin'
71%
can
70%
Doctor,
70%
doctor,
70%
psycho,
70%
something
70%
what
70%
you've
70%
balloons
68%
head
68%
listen
68%
please
68%
rabbit
68%
red
68%
Where
68%
wrong
68%
holes
67%
normals,
67%
not
67%
nuts,
67%
paint
67%
prescription?
67%
roses
67%
brain
66%
'Cause
66%
afraid
64%
being
64%
caterpillar
64%
drunk
64%
hate
64%
scattered
64%
secret,
64%
secret
64%
person's
63%
when
63%
blue
62%
different
62%
Each
62%
from
62%
white
62%
dream,
60%
dream
60%
killer
60%
bonkers
59%
entirely
59%
like
59%
psychiatrist
59%
Skinny-dip
59%
really
58%
shade
58%
alarmed
56%
you're
56%
Over
53%
rocker
53%
safe
52%
This
51%
along
48%
reason
47%
bend,
45%
too
45%
know
42%
And
41%
probably
41%
That's
33%
No matching quizzes found
Score Distribution
Percent of People with Each Score
Percentile by Number Answered
Your Score History
You have not taken this quiz